Segunda asamblea general de la Federación Gimnástica Española, Comité Provincial de Barcelona
Descripción Física:
1 díptic ; 29 cm
Materias:
Federación Gimnástica Española
MARC
| LEADER | 00000nam a2200000Ia 4500 | ||
|---|---|---|---|
| 001 | 16505 | ||
| 003 | BGR | ||
| 005 | 20260324180158.0 | ||
| 008 | 160829s1900] xx 000 0 cat d | ||
| 080 | |a 2324, exp. 13 | ||
| 110 | 2 | |a Federación Gimnástica Española |9 70949 | |
| 245 | |a Segunda asamblea general de la Federación Gimnástica Española, Comité Provincial de Barcelona | ||
| 260 | |a [Barcelona : |b s.n., |c 1900] | ||
| 300 | |a 1 díptic ; |c 29 cm | ||
| 590 | |a Hi ha un duplicat a la mateixa capsa | ||
| 610 | 2 | 0 | |a Federación Gimnástica Española |9 70949 |
| 901 | |a Arxiu | ||
| 942 | |n 1 |2 udc |c MON | ||
| 952 | |0 0 |1 0 |4 0 |6 2324_EXP_13 |7 1 |9 54711 |a Arxiu |b Arxiu |d 2016-12-01 |l 0 |o 2324, exp. 13 |p 16505 |r 2016-12-01 00:00:00 |w 2016-12-01 |y ARXIU | ||
| 999 | |c 58580 |d 58580 | ||